Online
Catalog

Alcestis medea, electra hipoliti. (Record no. 43148)

MARC details
000 -CABECERA
campo de control de longitud fija 00294nam a2200109 a 4500
005 - FECHA Y HORA DE LA ÚLTIMA TRANSACCIÓN
campo de control 20201002044914.0
008 - DATOS DE LONGITUD FIJA--INFORMACIÓN GENERAL
campo de control de longitud fija 140402s1970 000 spa d
040 ## - FUENTE DE LA CATALOGACIÓN
Centro catalogador/agencia de origen DO-SdBNP
100 ## - ENTRADA PRINCIPAL--NOMBRE DE PERSONA
Nombre de persona Euripides
9 (RLIN) 71492
245 #0 - MENCIÓN DE TÍTULO
Título Alcestis medea, electra hipoliti.
260 ## - PUBLICACIÓN, DISTRIBUCIÓN, ETC.
Lugar de publicación, distribución, etc. Madrid -- Libra,
Fecha de publicación, distribución, etc. 1970 -- 163 p.

No items available.

Powered by Koha